[Event "Neuilly Ernst Young Trophy"]
[Site "Neuilly"]
[Date "2006.05.13"]
[Round "1"]
[White "Mallen, Guillaume"]
[Black "Brixtel, Romain"]
[Result "0-1"]
[WhiteElo "1499"]
[BlackElo "1850"]
[PlyCount "62"]
[EventDate "2006.05.13"]
[EventType "swiss"]
[EventRounds "4"]
[EventCountry "FRA"]
[SourceTitle "EXT 2007"]
[Source "ChessBase"]
[SourceDate "2006.11.23"]
[SourceVersion "1"]
[SourceVersionDate "2006.11.23"]
[SourceQuality "1"]

1. e4 c6 2. d4 d5 3. Nc3 dxe4 4. Nxe4 Bf5 5. Nc3 Nf6 6. Nf3 e6 7. Be2 Nbd7 8. 0-0 Ne4 9. Nxe4 Bxe4 10. Re1 Bxf3 11. Bxf3 Bd6 12. c4 Qc7 13. g3 0-0 14. d5 Ne5 15. dxc6 Bb4 16. cxb7 Rad8 17. Qe2 Bxe1 18. Bf4 Nxf3+ 19. Qxf3 e5 20. Rxe1 exf4 21. b3 fxg3 22. hxg3 Rd7 23. c5 Qxb7 24. c6 Qa8 25. Qc3 Rc7 26. Rc1 Rfc8 27. b4 Rxc6 28. Qxc6 Rxc6 29. Rxc6 Qxc6 30. a3 Qa4 31. Kg2 Qxa3 0-1